[Event "8th Las Palmas it"]
[Site "Las Palmas ESP"]
[Date "1979.07.25"]
[Round "1"]
[White "Ivkov, Borislav"]
[Black "Garcia Gonzales, Guillermo"]
[Result "1/2-1/2"]
[WhiteElo "2525"]
[BlackElo "2490"]
[EventDate "1979.07.25"]
[PlyCount "98"]

1.d4 Nf6 2.c4 e6 3.Nf3 c5 4.e3 d5 5.Nc3 cxd4 6.exd4 Bb4 7.cxd5 Nxd5 8.Bd2 
O-O 9.Bd3 Be7 10.Nxd5 Qxd5 11.Qc2 h6 12.Bh7+ Kh8 13.Be4 Qd6 14.a3 Nc6 15.
Bc3 Bd7 16.Rd1 f5 17.d5 exd5 18.Bxd5 Bf6 19.O-O Qc5 20.Ba2 Bxc3 21.Rxd7 
Nd4 22.Nxd4 Bxd4 23.Qxc5 Bxc5 24.b4 Bb6 25.Rxb7 Rad8 26.Bf7 Rd4 27.g3 Kh7 
28.Kg2 Rc8 29.Be6 Rf8 30.Bf7 Rc8 31.h4 h5 32.Be6 Rf8 33.Rd7 Rf6 34.Rxd4 
Bxd4 35.Bd5 Rd6 36.Bf3 Bb2 37.Rb1 Rd2 38.Bxh5 g6 39.Bf3 Bd4 40.Rb3 Rxf2+ 
41.Kh3 Rd2 42.a4 Rb2 43.Rxb2 Bxb2 44.b5 Bc3 45.Bc6 Kg7 46.Be8 Kf6 47.Kg2 
Be1 48.Kf3 Kg7 49.Kf4 Kf6 1/2-1/2

[Event "8th Las Palmas it"]
[Site "Las Palmas ESP"]
[Date "1979.07.26"]
[Round "2"]
[White "Garcia Padron, Jose"]
[Black "Suba, Mihai"]
[Result "0-1"]
[WhiteElo "2400"]
[BlackElo "2435"]
[EventDate "1979.07.25"]
[PlyCount "82"]

1.c4 c5 2.Nf3 Nf6 3.g3 b6 4.Bg2 Bb7 5.O-O e6 6.Nc3 Be7 7.d4 cxd4 8.Qxd4 d6
9.e4 a6 10.b3 Nbd7 11.Bb2 O-O 12.Rac1 Qb8 13.Nd2 Rc8 14.h3 Bf8 15.Rfd1 Bc6
16.Qe3 Ra7 17.Nf3 Ba8 18.Nd4 Re8 19.Qd2 g6 20.Kh2 Bg7 21.Nde2 b5 22.cxb5 
axb5 23.f3 b4 24.Na4 d5 25.exd5 Bxd5 26.Nd4 Ra6 27.Qf2 Nh5 28.f4 Ndf6 29.
Nc6 Qb7 30.Ne5 Raa8 31.Nc5 Qb8 32.g4 Nxf4 33.Qxf4 Rxa2 34.Rc2 Rxb2 35.Rxb2
Nxg4+ 36.Qxg4 Qxe5+ 37.Kh1 Qxb2 38.Bxd5 exd5 39.Qd7 Re2 40.Qd8+ Bf8 41.Qb8
Qc2 0-1

[Event "8th Las Palmas it"]
[Site "Las Palmas ESP"]
[Date "1979.07.27"]
[Round "3"]
[White "Tatai, Stefano"]
[Black "Bellon Lopez, Juan Manuel"]
[Result "1-0"]
[WhiteElo "2475"]
[BlackElo "2395"]
[EventDate "1979.07.25"]
[PlyCount "85"]

1.d4 d5 2.c4 dxc4 3.Nf3 Nd7 4.Qa4 Nf6 5.Nc3 c6 6.Qxc4 Nb6 7.Qd3 Be6 8.Qc2 
Bg4 9.e3 e6 10.Be2 Nbd5 11.O-O Bf5 12.e4 Bg6 13.Qb3 Nxc3 14.bxc3 Bxe4 15.
Qxb7 Qb8 16.Qxb8+ Rxb8 17.Nd2 Bc2 18.Bf3 Rc8 19.Re1 Be7 20.Nc4 O-O 21.Na5 
Nd5 22.Bd2 Ba3 23.Nc4 Be7 24.Na5 Ba3 25.c4 Nb6 26.c5 Nd5 27.Nc4 Bb4 28.
Bxb4 Nxb4 29.Nd6 Rb8 30.a3 Nd3 31.Re3 e5 32.Be4 exd4 33.Rxd3 f5 34.Nxf5 
Bxd3 35.Bxd3 Rb2 36.Nxd4 Rfxf2 37.Bf1 Rf6 38.Rd1 g6 39.Be2 a5 40.Bf3 Ra2 
41.Bxc6 Rxa3 42.Bd5+ Kf8 43.Nb5 1-0

[Event "8th Las Palmas it"]
[Site "Las Palmas ESP"]
[Date "1979.07.29"]
[Round "4"]
[White "Ivkov, Borislav"]
[Black "Rodriguez Vargas, Orestes"]
[Result "1-0"]
[WhiteElo "2525"]
[BlackElo "2495"]
[EventDate "1979.07.25"]
[PlyCount "59"]

1.d4 Nf6 2.c4 e6 3.Nf3 b6 4.g3 Ba6 5.Qa4 Be7 6.Bg2 O-O 7.Nc3 c6 8.Bf4 Qc8 
9.O-O Qb7 10.Ne5 d5 11.cxd5 cxd5 12.Rfc1 b5 13.Qd1 Nbd7 14.Nd3 b4 15.Na4 
Rfc8 16.Bg5 Rxc1 17.Rxc1 Rc8 18.Bxf6 Rxc1 19.Qxc1 Bxf6 20.Nac5 Nxc5 21.
Nxc5 Qb5 22.Qf4 h6 23.Qd6 Bxd4 24.Nxa6 Qxe2 25.Qb8+ Kh7 26.Qf4 Qxb2 27.
Qxf7 Qxa2 28.Bf1 Qd2 29.Nxb4 Bxf2+ 30.Kh1 1-0

[Event "8th Las Palmas it"]
[Site "Las Palmas ESP"]
[Date "1979.07.31"]
[Round "6"]
[White "Garcia Gonzales, Guillermo"]
[Black "Vaganian, Rafael"]
[Result "1/2-1/2"]
[WhiteElo "2490"]
[BlackElo "2570"]
[EventDate "1979.07.25"]
[PlyCount "80"]

1.d4 Nf6 2.c4 g6 3.Nc3 d5 4.Nf3 Bg7 5.Qa4+ Bd7 6.Qb3 dxc4 7.Qxc4 Bc6 8.Ne5
O-O 9.e3 Nfd7 10.Nxc6 Nxc6 11.f4 Na5 12.Qa4 c5 13.d5 a6 14.Bd2 b5 15.Qc2 
Nb6 16.Rd1 Qc8 17.Be2 Nac4 18.Bc1 e5 19.b3 Nd6 20.fxe5 Bxe5 21.O-O Qc7 22.
Bf3 Rfe8 23.Ne2 Rac8 24.g3 Bg7 25.e4 Nd7 26.Bf4 Ne5 27.Bg2 Qb6 28.Kh1 b4 
29.Ng1 Nb5 30.Nf3 Nc3 31.Nxe5 Bxe5 32.d6 Rcd8 33.Bxe5 Rxe5 34.Qf2 f5 35.
Rde1 Qxd6 36.exf5 Rxf5 37.Qe3 Rdf8 38.Rxf5 Rxf5 39.Bf1 Qd5+ 40.Bg2 Qd6 
1/2-1/2

[Event "8th Las Palmas it"]
[Site "Las Palmas ESP"]
[Date "1979.08.02"]
[Round "7"]
[White "Suba, Mihai"]
[Black "Ivkov, Borislav"]
[Result "1-0"]
[WhiteElo "2435"]
[BlackElo "2525"]
[EventDate "1979.07.25"]
[PlyCount "93"]

1.c4 g6 2.e4 e5 3.d4 d6 4.Nc3 Bg7 5.dxe5 dxe5 6.Qxd8+ Kxd8 7.f4 Nc6 8.Nf3 
Nd4 9.Kf2 Nxf3 10.gxf3 f6 11.Be3 c6 12.Rd1+ Ke8 13.h4 Nh6 14.fxe5 fxe5 15.
h5 Nf7 16.Bh3 Bxh3 17.Rxh3 Bf6 18.Rg1 Ke7 19.hxg6 hxg6 20.Rxh8 Nxh8 21.Ke2
Ke6 22.Na4 b6 23.b3 Rg8 24.Nb2 Nf7 25.a4 Rh8 26.Nd3 Rh2+ 27.Nf2 g5 28.a5 
Bd8 29.Kd3 Nh8 30.axb6 Bxb6 31.Bxb6 axb6 32.Ke3 Nf7 33.Ra1 Rh8 34.Ra7 Rb8 
35.Rc7 c5 36.Ng4 Nd6 37.Rg7 Ra8 38.Kd3 Ra3 39.Rg6+ Ke7 40.Kc3 b5 41.Nxe5 
g4 42.Rxg4 Ke6 43.Nd3 bxc4 44.Rg6+ Kd7 45.Ne5+ Ke7 46.Rxd6 cxb3 47.Rb6 1-0

[Event "8th Las Palmas it"]
[Site "Las Palmas ESP"]
[Date "1979.08.03"]
[Round "8"]
[White "Garcia Gonzales, Guillermo"]
[Black "Dominguez Sanz, Juan Pedro"]
[Result "1-0"]
[WhiteElo "2490"]
[BlackElo "2275"]
[EventDate "1979.07.25"]
[PlyCount "63"]

1.d4 Nf6 2.c4 c5 3.d5 e6 4.Nc3 exd5 5.cxd5 d6 6.e4 g6 7.Nf3 Bg7 8.Bg5 h6 
9.Bh4 Na6 10.Nd2 Nc7 11.Be2 Rb8 12.a4 b6 13.f4 g5 14.fxg5 Nd7 15.Bg3 Be5 
16.Nc4 Qxg5 17.Nxd6+ Kf8 18.O-O Bxg3 19.Rxf7+ Kg8 20.hxg3 Ne8 21.Rf4 Nxd6 
22.Rg4 Ne5 23.Rxg5+ hxg5 24.Qd2 Ndf7 25.Rf1 Bd7 26.Rxf7 Nxf7 27.e5 Rd8 28.
Qc1 Rh6 29.e6 Bxe6 30.dxe6 Rxe6 31.Bc4 Re5 32.Qf1 1-0

[Event "8th Las Palmas it"]
[Site "Las Palmas ESP"]
[Date "1979.08.06"]
[Round "10"]
[White "Tatai, Stefano"]
[Black "Suba, Mihai"]
[Result "0-1"]
[WhiteElo "2475"]
[BlackElo "2435"]
[EventDate "1979.07.25"]
[PlyCount "122"]

1.d4 Nf6 2.c4 e6 3.Nf3 c5 4.d5 exd5 5.cxd5 g6 6.Nc3 d6 7.e4 Bg7 8.Be2 a6 
9.a4 Bg4 10.O-O O-O 11.h3 Bxf3 12.Bxf3 Nbd7 13.Bf4 Qc7 14.b3 Rfe8 15.Rb1 
Rab8 16.Qc2 Re7 17.Rfe1 Rbe8 18.Re3 Nb6 19.Nd1 Nfd7 20.b4 Bd4 21.Rd3 Ne5 
22.Bxe5 Bxe5 23.bxc5 Nd7 24.c6 bxc6 25.Rdb3 Nc5 26.Rb6 cxd5 27.exd5 Bd4 
28.g3 Re1+ 29.Kg2 Qe7 30.Rb8 Qf6 31.Qd2 Re7 32.R8b4 Be5 33.Rb8 Nxa4 34.Ne3
h5 35.h4 Nc5 36.Nc4 Rxb8 37.Rxb8+ Kg7 38.Rb6 Rb7 39.Rc6 Rb3 40.Qe2 Nd3 41.
Be4 Nb4 42.Rb6 a5 43.Bf3 Rc3 44.Be4 Rxc4 45.Qxc4 Bd4 46.Rxb4 Qxf2+ 47.Kh3 
axb4 48.Qxb4 Be5 49.Qb3 Qf1+ 50.Bg2 Qf5+ 51.Kh2 Qg4 52.Bh3 Qxh4 53.Kg2 
Qe4+ 54.Qf3 Qxf3+ 55.Kxf3 f5 56.Bf1 g5 57.Bb5 g4+ 58.Kg2 Kf6 59.Bd7 Kg5 
60.Be6 f4 61.gxf4+ Bxf4 0-1

[Event "8th Las Palmas it"]
[Site "Las Palmas ESP"]
[Date "1979.08.07"]
[Round "11"]
[White "Dominguez Sanz, Juan Pedro"]
[Black "Rodriguez Vargas, Orestes"]
[Result "0-1"]
[WhiteElo "2275"]
[BlackElo "2495"]
[EventDate "1979.07.25"]
[PlyCount "62"]

1.e4 c5 2.Nc3 Nc6 3.g3 g6 4.Bg2 Bg7 5.d3 d6 6.Nh3 e5 7.O-O Nge7 8.f4 exf4 
9.Bxf4 h6 10.Be3 O-O 11.Qd2 Kh7 12.Nf4 Ne5 13.h3 N7c6 14.Rf2 Rb8 15.a3 b5 
16.Ncd5 a5 17.Raf1 b4 18.axb4 axb4 19.Kh2 b3 20.c3 Qa5 21.Ne2 Qa6 22.Nc1 
f5 23.g4 f4 24.Rxf4 Rxf4 25.Rxf4 g5 26.Rf1 Kg6 27.d4 Qxf1 28.Nf4+ gxf4 29.
dxe5 Bxe5 30.Nd3 fxe3+ 31.Nxe5+ dxe5 0-1

[Event "8th Las Palmas it"]
[Site "Las Palmas ESP"]
[Date "1979.08.08"]
[Round "12"]
[White "Betancort Curbelo, Juan"]
[Black "Bellon Lopez, Juan Manuel"]
[Result "1/2-1/2"]
[WhiteElo "2350"]
[BlackElo "2395"]
[EventDate "1979.07.25"]
[PlyCount "87"]

1.c4 c6 2.d4 d5 3.e3 Nf6 4.Nc3 Bf5 5.Nf3 e6 6.Be2 dxc4 7.Bxc4 Nbd7 8.O-O 
Nb6 9.Bb3 Bd6 10.Re1 Nbd5 11.Bc2 Bxc2 12.Qxc2 Nb4 13.Qe2 Qc7 14.e4 e5 15.
a3 Na6 16.Bg5 Nd7 17.Rac1 f6 18.Bh4 Qd8 19.Bg3 Qe7 20.dxe5 Bxe5 21.Nxe5 
fxe5 22.Red1 Nac5 23.Rc2 O-O 24.Rcd2 Nb6 25.b4 Nb3 26.Rd3 a5 27.Qa2 Qf7 
28.bxa5 Nxa5 29.Qxf7+ Rxf7 30.Bxe5 Nac4 31.Rd8+ Rf8 32.Rxf8+ Kxf8 33.Bd4 
Na4 34.Nxa4 Rxa4 35.f4 b6 36.Bc3 Ke7 37.Bxg7 Ne3 38.Rb1 Rxe4 39.Rxb6 Rxf4 
40.h3 Rf1+ 41.Kh2 Kd6 42.g4 h5 43.Rb3 Rf3 44.Rb4 1/2-1/2

[Event "8th Las Palmas it"]
[Site "Las Palmas ESP"]
[Date "1979.08.13"]
[Round "15"]
[White "Garcia Gonzales, Guillermo"]
[Black "Csom, Istvan"]
[Result "1/2-1/2"]
[WhiteElo "2490"]
[BlackElo "2510"]
[EventDate "1979.07.25"]
[PlyCount "85"]

1.c4 Nf6 2.Nc3 e6 3.e4 c5 4.e5 Ng8 5.Nf3 Nc6 6.d4 cxd4 7.Nxd4 Nxe5 8.Ndb5 
f6 9.Be3 a6 10.Nd6+ Bxd6 11.Qxd6 Ne7 12.Bb6 Nf5 13.Bxd8 Nxd6 14.Bc7 Ke7 
15.c5 Ne8 16.Bb6 d5 17.cxd6+ Nxd6 18.Bc5 Nf7 19.Rd1 b6 20.Bxb6 Rb8 21.Bd4 
Rd8 22.Be2 Kf8 23.Rd2 Nf5 24.Bc5+ Kg8 25.Rxd8+ Nxd8 26.g4 Nh4 27.b4 Bb7 
28.Rg1 Nf3+ 29.Bxf3 Bxf3 30.Rg3 Bc6 31.g5 Kf7 32.gxf6 gxf6 33.Rd3 Nb7 34.
Bb6 Rg8 35.a4 Rg4 36.b5 axb5 37.axb5 Be8 38.Be3 Rh4 39.b6 Bc6 40.Ne2 Rxh2 
41.Rc3 Rh1+ 42.Kd2 Na5 43.Nc1 1/2-1/2